000 00700nam a2200241Ia 4500
003 OSt
005 20220925231829.0
006 a|||||r|||| 00| 0
007 ta
008 220923b |||||||| |||| 00| 0 eng d
037 _cGeneral Book
040 _aRTL
_cRTL
_beng
041 _2eng
_aeng
082 _aB2891, L3
100 _aHughes Ann
_9108537
245 0 _aLinear programming
_b An emphasis on decision making
260 _aMassachusetts
_bAddison-Wesley
_c1973
300 _axv,414p.
_ccm.
650 _aLinear Programming
700 _a Grawiog Dennis E
_9296192
942 _hB2891, L3
_cGB
_2CC
999 _c589555
_d589555